Szczegóły MARC21

Twórczość w szkole : rzeczywiste i możliwe aspekty zagadnienia /

005 -DATA I CZAS OSTATNIEJ MODYFIKACJI [,]
    • @
    • pole kontrolne
    • 20111103104510.0
020 -Międzynarod. znormalizowany nr książki - ISBN [ , ]
    • a
    • Numer ISBN
    • 9788377840115 Find
040 -Instytucja sporządzająca opis [ , ]
    • a
    • Instytucja, która sporządziła opis (NP)
    • SZCZ U/KLR
    • c
    • Instytucja, która sporządziła rekord (NP)
    • SZCZ U/KLR
    • d
    • Instytucja, która zmodyfikowała rekord (P)
    • SZCZ U/AP
041 -Język dokumentu [0, ]
    • a
    • Język tekstu (P)
    • polski
044 -Kraj miejsca wydania [ , ]
    • a
    • Kraj miejsca wydania
    • Polska
942 -Rodzaj dokumentu [ , ]
    • c
    • Rodzaj dokumentu
    • Książka
245 -Strefa tytułu i oznaczenia odpowiedzialności [0,0]
    • a
    • Tytuł
    • Twórczość w szkole : Find
    • b
    • Ciąg dalszy tytułu (NP)
    • rzeczywiste i możliwe aspekty zagadnienia / Find
    • c
    • Pozostałe elementy strefy tytułu i oznaczenia odpowiedzialności (NP)
    • pod red. Barbary Myrdzik, Małgorzaty Karwatowskiej.
260 -Strefa adresu wydawniczego [ , ]
    • a
    • Miejsce wydania (P)
    • Lublin :
    • b
    • Nazwa wydawcy (P)
    • Wydawnictwo Uniwersytetu Marii Curie-Skłodowskiej,
    • c
    • Data wydania (P)
    • 2011.
300 -Strefa opisu fizycznego [ , ]
    • a
    • Określenie formy książki i/lub objętość (NP)
    • 384 s. :
    • b
    • Oznaczenie ilustracji (NP)
    • il. ;
    • c
    • Format (NP)
    • 24 cm.
080 -Uniwersalna Klasyfikacja Dziesiętna [ , ]
    • 2
    • Identyfikator wydania tablic
    • UDC-P058
    • 9
    • UKD
    • 8215
    • a
    • Symbol klasyfikacji
    • 37.016:811.162.1
    • b
    • Dopowiedzenie
    • Nauczanie języka polskiego.
    • 4
    • UKD2
    • 7665
    • x
    • Poddział wspólny
    • (075.8)
    • c
    • Dopowiedzenie poddz. wspólnego
    • (Podręczniki dla szkół wyższych. Skrypty).
080 -Uniwersalna Klasyfikacja Dziesiętna [ , ]
    • 2
    • Identyfikator wydania tablic
    • UDC-P058
    • 9
    • UKD
    • 3882
    • a
    • Symbol klasyfikacji
    • 37.091.33-027.22
    • b
    • Dopowiedzenie
    • Wychowanie i nauczanie przez działania praktyczne. Prace techniczne. Roboty ręczne. Szkolne imprezy sportowe. Społeczna działalność uczniów. Szkolne kluby PCK. Zbiory (muzea, izby pamięci) szkolne. Współzawodnictwo międzyszkolne.
    • 4
    • UKD2
    • 7665
    • x
    • Poddział wspólny
    • (075.8)
    • c
    • Dopowiedzenie poddz. wspólnego
    • (Podręczniki dla szkół wyższych. Skrypty).
980 -Symbol UKD [ , ]
    • a
    • UKD
    • 37.016:811.162.1:37.091.33-027.22](075.8)
700 -Hasło dodatkowe - nazwa osobowa [1, ]
    • 9
    • KHW
    • 27414
    • a
    • Nazwa osobowa (NP)
    • Myrdzik, Barbara Find
    • d
    • Daty biograficzne (NP)
    • (1940- ).
    • e
    • Określenie rodzaju współpracy
    • Red.
700 -Hasło dodatkowe - nazwa osobowa [1, ]
    • 9
    • KHW
    • 27415
    • a
    • Nazwa osobowa (NP)
    • Karwatowska, Małgorzata. Find
    • e
    • Określenie rodzaju współpracy
    • Red.
920 -ISBN [ , ]
    • a
    • ISBN
    • 978-83-7784-011-5 Find
Lokalizacja Data inwentaryzacji Status udost. Numer inwentarzowy
BG2011-10-261Z.115637